| 000 | 00327nam a2200133Ia 4500 | ||
|---|---|---|---|
| 008 | 190704s9999||||xx |||||||||||||| ||und|| | ||
| 020 | _a9780857680983 | ||
| 082 |
_a740 _bLOO/F |
||
| 100 | _aLoomis, Andrew | ||
| 245 | 0 | _aFigure Drawing for all it's Worth | |
| 260 |
_aLondon _bTitan Book _c2011 |
||
| 300 | _a204p | ||
| 942 | _cBK | ||
| 999 |
_c6343 _d6343 |
||